|
|
|
|
| LEADER |
01029nam a2200253 a 4500 |
| 001 |
4296395 |
| 008 |
091220s1987 cou 001 0 eng d |
| 010 |
|
|
|a \\\86010973
|
| 020 |
|
|
|a 0813372216 (pbk.) :
|c $18.95
|
| 040 |
|
|
|a DLC
|c DLC
|d DLC
|d BD-DhAAL
|
| 082 |
0 |
0 |
|a 303.4
|2 19
|
| 245 |
0 |
0 |
|a Collaborative research and social change :
|b applied anthropology in action /
|c edited by Donald D. Stull, and Jean J. Schensul.
|
| 260 |
|
|
|a Boulder :
|b Westview Press,
|c 1987.
|
| 300 |
|
|
|a xiii, 265 p. ;
|c 23 cm.
|
| 490 |
|
0 |
|a Westview special studies in applied anthropology
|
| 504 |
|
|
|a Includes index.
|
| 541 |
1 |
|
|e 00004266
|
| 650 |
|
0 |
|a Applied anthropology.
|
| 650 |
|
0 |
|a Social change.
|
| 700 |
1 |
|
|a Stull, Donald D.
|
| 700 |
1 |
|
|a Schensul, Jean J.
|
| 852 |
4 |
|
|a Ayesha Abed Library
|j General shelf
|
| 999 |
|
|
|c 6284
|d 6284
|
| 952 |
|
|
|0 0
|1 0
|2 ddc
|4 0
|6 303_400000000000000_COL_1987
|7 0
|9 6321
|a BRACUL
|b BRACUL
|c GEN
|d 2009-12-21
|g 0.00
|l 1
|m 1
|o 303.4 COL
|p 3010004266
|r 2010-11-23
|s 2010-06-24
|t 1
|w 2009-12-21
|y BK
|x No price found in the accession register.
|